| 000 | 00383nam a2200145Ia 4500 | ||
|---|---|---|---|
| 008 | 230917s9999||||xx |||||||||||||| ||und|| | ||
| 040 |
_e87292 _aMAIN |
||
| 041 | _aEnglish | ||
| 082 | _a709.54 R796A | ||
| 100 | _aRowland | ||
| 245 | 4 | _aThe art and architecture of India : Buddhist, Hindu, Jain | |
| 260 |
_aBaltimore _bPenguin Books _c1971 |
||
| 300 | _axxi, 314 p. | ||
| 942 | _cBK | ||
| 999 |
_c186750 _d186750 |
||